000
00339nam a2200145Ia 4500
008
221117s9999 xx 000 0 und d
082
_b
SIN
100
_a
SINGH, JAGDAMBA
245
0
_a
ADVANCED ORGANIC CHEMISTRY
250
_a
19TH
260
_b
PARGATI PRAKASHAN, MEERUT
_c
2013
300
_a
778
650
_a
Chemistry
942
_c
BK
999
_c
213555
_d
213555